LEADER 01276nas 2200409 n 450 001 9910892829003321 005 20260218110344.0 035 $a(CKB)954921339117 035 $a(CONSER) 74006244 035 $a(DE-599)1495309-2 035 $a(EXLCZ)99954921339117 100 $a20750823b19691971 uy a 101 0 $aeng 181 $ctxt$2rdacontent 182 $cc$2rdamedia 183 $acr$2rdacarrier 200 10$aComputing surveys 210 $a[Baltimore$cAssociation for Computing Machinery] 215 $a1 online resource 300 $a"The survey and tutorial journal of the ACM." 300 $aRefereed/Peer-reviewed 311 08$aPrint version: Computing surveys (DLC) 74006244 (OCoLC)1564621 0010-4892 517 3 $aComputing surveys 517 3 $aAssociation for Computing Machinery computing surveys 606 $aElectronic digital computers$vPeriodicals 606 $aComputers$2gtt 606 $aDataprocessing$2gtt 615 0$aElectronic digital computers 615 17$aComputers. 615 17$aDataprocessing. 676 $a651.8 712 02$aAssociation for Computing Machinery. 906 $aJOURNAL 912 $a9910892829003321 920 $aexl_impl conversion 996 $aComputing surveys$9104448 997 $aUNINA